Balanced scorecard : prínos implementácie a príčiny zlyhania

Balanced Scorecard je systém pozostávajúci z kombinácie finančných a nefinančných ukazovateľov výkonnosti podniku na jednom mieste, takzvanom skorkarte. Nástroj na nastavenie systému požadovaných zmien.

Saved in:
Bibliographic Details
Main Author: Paľko, Peter, 1987-
Format: Book Chapter
Language:Slovak
Subjects:
Tags: Add Tag
No Tags, Be the first to tag this record!

MARC

LEADER 00000naa$a2200000$$$4500
001 0164005
005 20240502072843.9
041 0 |a slo 
044 |a SK 
245 1 0 |a Balanced scorecard : prínos implementácie a príčiny zlyhania  |c Peter Paľko 
520 |a Balanced Scorecard je systém pozostávajúci z kombinácie finančných a nefinančných ukazovateľov výkonnosti podniku na jednom mieste, takzvanom skorkarte. Nástroj na nastavenie systému požadovaných zmien. 
610 2 0 |a metóda BSC 
610 2 0 |a riadenie strategické 
610 2 0 |a metódy riadenia 
610 2 0 |a nástroje riadenia 
610 2 0 |a metódy organizácie 
610 2 0 |a efektívnosť 
610 2 0 |a výkonnosť 
100 1 |a Paľko, Peter, 1987-